| 000 | 00717pam a2200217 a 4500 | ||
|---|---|---|---|
| 001 | 4397894 | ||
| 005 | 20201124142820.0 | ||
| 008 | 921203s1993 enka b 001 0 eng | ||
| 010 | _a 92044563 | ||
| 020 | _a8185749531 | ||
| 040 |
_aDLC _cDLC _dDLC |
||
| 050 | 0 | 0 |
_aTK7881.15 _b.L36 1993 |
| 082 | 0 | 0 |
_a621.317 _220 _bGUP |
| 245 | 1 | 0 |
_aPower electronics / _cBy B. R. Gupta & Vandana Singhal |
| 250 | _a5th ed. | ||
| 260 |
_aNew Delhi: _bS. K. Kataria & Sons, _c2006 |
||
| 300 |
_a593 p. : _bill. ; _c23 cm. |
||
| 650 | 0 | _aPower electronics. | |
| 942 |
_2ddc _cBB |
||
| 999 |
_c10812 _d10812 |
||